Performance of earth retaining structures and pile foundations : 7 reports prepared for the 53rd annual meeting of the Highway Research Board.

Bibliographic Details
Corporate Author: National Research Council (U.S.). Highway Research Board
Format: Book
Language:English
Published: Washington : Transportation Research Board, National Research Council, 1974.
Series:Transportation research record ; 517.
Subjects:

MARC

Tag First Indicator Second Indicator Subfields
LEADER 00000pam a2200000 i 4500
001 in00000099784
005 20150924160452.0
008 750116s1974 dcua b 00010 eng
010 |a  75001367  
019 |a 1282619 
020 |a 0309023610 
035 |a (OCoLC)01176766 
035 |9 AAL0406AM 
040 |a DLC  |c DLC  |d TXA  |d UtOrBLW 
049 |a TXAM  |c [1081090] 
050 0 0 |a TE7  |b .H5 no. 517 
082 0 |a 380.5/08 s  |a 624/.154 
110 2 |a National Research Council (U.S.).  |b Highway Research Board. 
245 1 0 |a Performance of earth retaining structures and pile foundations :  |b 7 reports prepared for the 53rd annual meeting of the Highway Research Board. 
264 1 |a Washington :  |b Transportation Research Board, National Research Council,  |c 1974. 
300 |a 93 pages :  |b illustrations ;  |c 25 cm. 
336 |a text  |b txt  |2 rdacontent 
337 |a unmediated  |b n  |2 rdamedia 
338 |a volume  |b nc  |2 rdacarrier 
490 1 |a Transportation research record ;  |v 517 
504 |a Includes bibliographical references. 
650 0 |a Piling (Civil engineering)  |v Congresses. 
650 0 |a Earth pressure  |x Measurement  |x Congresses. 
650 0 |a Bridges  |x Design and construction  |v Congresses. 
830 0 |a Transportation research record ;  |v 517. 
999 |a MARS 
999 f f |s 9fca1946-e298-3f51-bef2-d6d7489e8970  |i 73801663-cc23-3203-9f0e-9213ff581406  |t 0 
952 f f |p default  |a Texas A&M University  |b College Station  |c Sterling C. Evans Library  |d Evans: Microforms (3rd floor)  |t 0  |e fiche S 745 no.517  |h Other scheme  |i unmediated -- volume 
952 f f |p normal  |a Texas A&M University  |b College Station  |c Sterling C. Evans Library  |d Evans: Library Stacks  |t 0  |e TE7 .H5 no.511-521  |h Library of Congress classification  |i unmediated -- volume  |m A14805377734 
952 f f |a Texas A&M University  |b College Station  |c Sterling C. Evans Library  |d Evans: Library Stacks  |t 0  |e TE7 .H5 no.511-521  |h Library of Congress classification 
998 f f |a TE7 .H5 no.511-521  |t 0  |l Evans: Library Stacks 
998 f f |a fiche S 745 no.517  |t 0  |l Evans: Microforms (3rd floor)